| 000 | 00804cam a22002535i 4500 | ||
|---|---|---|---|
| 001 | 19127452 | ||
| 003 | ARRUPE | ||
| 005 | 20160803094437.0 | ||
| 008 | 160609s2014 za b 000 0 eng | ||
| 010 | _a 2015332375 | ||
| 020 | _a9781482803815 | ||
| 040 |
_aDLC _beng _cDLC _erda |
||
| 042 |
_apcc _alcode |
||
| 100 | 1 |
_aChishala, Francis. _924543 |
|
| 245 | 1 | 2 |
_aA robust think tank for Africa : _bwords of hope, ingenuity and faith / _cFrancis Chishala. |
| 260 |
_aSouth africa _bPartridge _c2016 |
||
| 300 |
_axvi,147 pages ; _c23 cm |
||
| 504 | _aIncludes bibliographical references (pages 145-147). | ||
| 650 |
_aZambia _y1964 _924544 |
||
| 650 |
_aChristianity in Zambia _924545 |
||
| 906 |
_a0 _bibc _corigode _d3 _encip _f20 _gy-gencatlg |
||
| 942 |
_2lcc _cMONOGRAPH |
||
| 999 |
_c124829 _d124829 |
||